书目信息 |
| 题名: |
协调色彩配色设计
|
|
| 作者: | 熊文郁 , 陈端端 编著 | |
| 分册: | ||
| 出版信息: | 南京 江苏美术出版社 2009.06 |
|
| 页数: | 159页 | |
| 开本: | 21cm | |
| 丛书名: | 大视觉创意宝典 | |
| 单 册: | ||
| 中图分类: | J063 | |
| 科图分类: | ||
| 主题词: | 配色--pei se--设计 | |
| 电子资源: | ||
| ISBN: | 978-7-5344-2782-4 | |
| 000 | 00954nam 2200265 450 | |
| 001 | 012010773433 | |
| 005 | 20100604142336.89 | |
| 010 | @a978-7-5344-2782-4@dCNY28.00 | |
| 100 | @a20100601d2009 em y0chiy0120 ea | |
| 101 | 0 | @achi |
| 102 | @aCN@b320000 | |
| 105 | @aa z 000yy | |
| 106 | @ar | |
| 200 | 1 | @a协调色彩配色设计@Axie diao se cai pei se she ji@f熊文郁, 陈端端编著@Fxiong wen yu,chen duan duan bian zhu |
| 210 | @a南京@c江苏美术出版社@d2009.06 | |
| 215 | @a159页@c图@d21cm | |
| 225 | 2 | @a大视觉创意宝典@Ada shi jue chuang yi bao dian@h第2辑 |
| 330 | @a本书讲解八大色系中微妙、丰富的邻近色配色技巧,了解和感受色彩的基本信息后,通过576种多色配色、288种图案配色来深入学习协调色的配色技巧。 | |
| 410 | 0 | @12001 @a大视觉创意宝典 |
| 606 | 0 | @a配色@Apei se@x设计 |
| 690 | @aJ063@v4 | |
| 701 | 0 | @a熊文郁@Axiong wen yu@4编著 |
| 701 | 0 | @a陈端端@Achen duan duan@4编著 |
| 801 | 0 | @aCN@bQSSK@c20100604 |
| 905 | @b780104-06@dJ063@eX649@f3 | |
| 协调色彩配色设计/熊文郁, 陈端端编著.-南京:江苏美术出版社,2009.06 |
| 159页:图;21cm.-(大视觉创意宝典.第2辑) |
| ISBN 978-7-5344-2782-4:CNY28.00 |
| 本书讲解八大色系中微妙、丰富的邻近色配色技巧,了解和感受色彩的基本信息后,通过576种多色配色、288种图案配色来深入学习协调色的配色技巧。 |
| ● |
| 相关链接 |
|
|
|
正题名:协调色彩配色设计
索取号:J063/X649
 
预约/预借
| 序号 | 登录号 | 条形码 | 馆藏地/架位号 | 状态 | 备注 |
| 1 | 780104 | 207801048 | 社科库309/309社科库 64排4列4层/ [索取号:J063/X649] | 在馆 | |
| 2 | 780105 | 207801057 | 社科库309/309社科库 64排4列4层/ [索取号:J063/X649] | 在馆 | |
| 3 | 780106 | 207801066 | 社科库309/309社科库 64排4列4层/ [索取号:J063/X649] | 在馆 |